James Joyce ; seguido de : Correspondencia entre Italo Svevo y James Joyce / (Record no. 149163)
[ view plain ]
| 000 -CABECERA | |
|---|---|
| campo de control de longitud fija | 00738nam a2200217 u 4500 |
| 005 - FECHA Y HORA DE LA ÚLTIMA TRANSACCIÓN | |
| campo de control | 20210223131330.0 |
| 008 - ELEMENTOS DE LONGITUD FIJA--INFORMACIÓN GENERAL | |
| campo de control de longitud fija | 100630s1990 es r 000 0 spa d |
| 020 ## - NÚMERO INTERNACIONAL NORMALIZADO PARA LIBROS | |
| Número Internacional Estándar del Libro | 8487627005 |
| 035 ## - NÚMERO DE CONTROL DEL SISTEMA | |
| Número de control de sistema | UPN01000177060 |
| 049 ## - COLECCIÓN | |
| Colección | CG |
| 050 #4 - SIGNATURA TOPOGRÁFICA DE LA BIBLIOTECA DEL CONGRESO | |
| Número de clasificación | PQ4841 C4.82 |
| Número de documento/Ítem | J3.5 |
| 100 1# - ASIENTO PRINCIPAL--NOMBRE PERSONAL | |
| Nombre de persona | Svevo, Italo, |
| Fechas asociadas al nombre | 1861-1928 |
| 9 (RLIN) | 31527 |
| 245 10 - MENCIÓN DE TÍTULO | |
| Título | James Joyce ; seguido de : Correspondencia entre Italo Svevo y James Joyce / |
| Mención de responsabilidad, etc. | Italo Svevo ; tr. y comp. Alejandro Manara. |
| 260 ## - PUBLICACIÓN, DISTRIBUCIÓN, ETC. | |
| Lugar de publicación, distribución, etc. | Barcelona, Esp. : |
| Nombre del editor, distribuidor, etc. | Argonauta, |
| Fecha de publicación, distribución, etc. | c1990. |
| 300 ## - DESCRIPCIÓN FÍSICA | |
| Extensión | 117 p. |
| 600 14 - ASIENTO SECUNDARIO DE MATERIA - NOMBRE PERSONAL | |
| Nombre de persona | JOYCE, JAMES, |
| Fechas asociadas al nombre | 1882-1941 |
| 650 #4 - ASIENTO SECUNDARIO DE MATERIA - TERMINO TEMATICO | |
| Término de materia o nombre geográfico como elemento de entrada | AUTORES IRLANDESES - |
| Subdivisión de forma | BIOGRAFIA |
| 9 (RLIN) | 19477 |
| 700 1# - ASIENTO SECUNDARIO--NOMBRE DE PERSONAL | |
| Nombre de persona | Manara, Alejandro, |
| Término indicativo de función/relación | comp. |
| 740 0# - ASIENTO SECUNDARIO - TÍTULOS RELACIONADOS /ANALITICOS NO CONTROLADOS | |
| Título relacionado o analítico no controlado | Correspondencia entre Italo Svevo y James Joyce |
| 905 ## - TIPO DE MATERIAL | |
| Tipo de material | Libro |
| Estado de retiro | Estado de pérdida | Fuente del sistema de clasificación o colocación | Estado dañado | No para préstamo | Código de colección | Localización permanente | Ubicación/localización actual | Ubicación en estantería | Total de préstamos | Clasificación | Código de barras | Fecha visto por última vez | Número de copia | Tipo de ítem Koha |
|---|---|---|---|---|---|---|---|---|---|---|---|---|---|---|
| Library of Congress Classification | Colección General | Bib. Gregorio Torres Quintero | Bib. Gregorio Torres Quintero | Planta baja | 1 | PQ4841 C4.82 J3.5 | 273202 | 31/12/2020 | 1 | Libro |
